00583nam a22002057a 4500001001000000003000900010005001700019007000300036008003400039040005400073041001000127072002100137100002100158245007400179260004200253300001100295650002200306650002100328650002800349BR4000031BR-BrBNA20230928082907.0ta230509b bl.||||| |||| 00| 0 por d aBR-BrBNAbporcBiblioteca Nacional de Agricultura a(Spa) aF70b2700b/G5141 aFonseca, E.T. da1 aPlantas medicinales brasilenas [Planta medicinal; Dicionario; Brasil]3 aRio de Janeiro, GB (Brasil): c1940.  a102 p. aTaxonomia vegetal aPlanta medicinal aDistribuicao geografica